|
|
|
|
| LEADER |
00000cam a2200000 i 4500 |
| 001 |
1/105033 |
| 008 |
090513s2005 gr | ||| |||| ||gre|| |
| 020 |
|
|
|a 9606304124
|
| 035 |
|
|
|l 10104659
|
| 040 |
|
|
|a GR-MyUa
|b gre
|e AACR2
|
| 041 |
0 |
|
|a gre
|
| 082 |
7 |
|
|a 720.94958
|2 (22)
|
| 100 |
1 |
|
|a Μακρυωνίτης, Γεώργιος Νικ.
|
| 245 |
1 |
2 |
|a Ο παραδοσιακός φούρνος στις Κυκλάδες και στα Δωδεκάνησα /
|c Γεώργιος (Τζώρτζης) Νικολάου Μακρυωνίτης.
|
| 250 |
|
|
|a 3η έκδ.
|
| 260 |
|
|
|a Σύρος :
|b [χ.ό],
|c 2005.
|
| 300 |
|
|
|a 478 σ. :
|b έγχρ. εικ. ;
|c 23 εκ.
|
| 504 |
|
|
|a Βιβλιογραφία: σ. 470-478.
|
| 650 |
|
0 |
|a Vernacular architecture
|z Greece
|z Dodecanese Islands.
|
| 650 |
|
0 |
|a Vernacular architecture
|z Greece
|z Cyclades.
|
| 650 |
|
0 |
|a Stoves, Wood
|z Greece
|z Cyclades.
|
| 650 |
|
0 |
|a Stoves, Wood
|z Greece
|z Dodecanese Islands.
|
| 852 |
|
|
|a INST
|b RHODES
|e 20210118
|h 720.94958 ΜΑΚ
|p 005400041816
|q 005400041816
|t BK
|y 0
|
| 852 |
|
|
|a INST
|b SYROS
|c KYK
|e 20090513
|h 720.94958 ΜΑΚ
|p 005500008430
|q 005500008430
|t BK
|y 0
|
| 901 |
|
|
|a BIBL5-2009-2
|
| 922 |
|
|
|a 5ΕΛΗ
|b 200710
|c Βιβλιοθήκη Σύρου
|d Σταθόπουλος
|
| 970 |
|
|
|a Καγιαβά
|b Ειρήνη
|z 13/05/2009
|